Oceania Countries - Blind Typing - Statistics

General Stats
  • This quiz has been taken 52 times
  • The average score is 13 of 14
Answer Stats
Country % Correct
Fiji
100%
New Zealand
100%
Australia
97%
Papua New Guinea
97%
Solomon Islands
97%
Kiribati
95%
Marshall Islands
95%
Nauru
95%
Palau
95%
Samoa
95%
Vanuatu
95%
Tuvalu
92%
Federated States of Micronesia
89%
Tonga
87%
No matching quizzes found
Score Distribution
Percent of People with Each Score
Percentile by Number Answered
Your Score History
You have not taken this quiz